000 00712nam a2200229Ia 4500
003 OSt
005 20220926012234.0
006 a|||||r|||| 00| 0
007 ta
008 220923b |||||||| |||| 00| 0 eng d
020 _a0521228409
037 _cGeneral Book
040 _aRTL
_cRTL
_beng
041 _2eng
_aeng
082 _aU475:(L:4:51).574.N7, M1
100 _aCliff A D & Others
_9315880
245 0 _aSpatial diffusion
_b An historical geography of epidemics in an island community
260 _aNew York
_bCambridge University
_c1981
300 _axi, 238p
_ccm.
942 _hU475:(L:4:51).574.N7, M1
_cGB
_2CC
999 _c622168
_d622168